书目信息 |
| 题名: |
常见病句辨析
|
|
| 作者: | 张盛如 , 骆小所 主编 ;薛玲 编著 | |
| 分册: | ||
| 出版信息: | 北京 北京工业大学出版社 2005.01 |
|
| 页数: | 349页 | |
| 开本: | 19cm | |
| 丛书名: | 实用汉语丛书 | |
| 单 册: | ||
| 中图分类: | H15 | |
| 科图分类: | ||
| 主题词: | 汉语--分析--写作--病句 | |
| 电子资源: | ||
| ISBN: | 7-5639-0814-5 | |
| 000 | 00966nam0 2200265 450 | |
| 001 | 0172175968 | |
| 005 | 20050906080010.94 | |
| 010 | @a7-5639-0814-5@dCNY14.00 | |
| 100 | @a20050416d2005 km y0chiy0120 ea | |
| 101 | 0 | @achi |
| 102 | @aCN@b110000 | |
| 105 | @ay z 000yy | |
| 200 | 1 | @a常见病句辨析@Achang jian bing ju bian xi@f张盛如, 骆小所主编@Fzhang sheng ru,luo xiao suo zhu bian@g编著薛玲@Gbian zhu xue ling |
| 210 | @a北京@c北京工业大学出版社@d2005.01 | |
| 215 | @a349页@d19cm | |
| 225 | 2 | @a实用汉语丛书 |
| 330 | @a本书主要介绍了生造词语、词义误用、词性误用、虚词运用不当、同义词语误用、成语运用错误、句子成分残缺、句法成分搭配不当等16种常见病句类型以及检查病句的基本方法。 | |
| 410 | 0 | @12001 @a实用汉语丛书 |
| 606 | 0 | @a汉语@x分析@x写作@x病句 |
| 690 | @aH15@v4 | |
| 701 | 0 | @a张盛如@Azhang sheng ru@4主编 |
| 701 | 0 | @a骆小所@Aluo xiao suo@4主编 |
| 702 | 0 | @a薛玲@Axue ling@4编著 |
| 801 | 0 | @aCN@bQSSK@c20050906 |
| 905 | @a10447@dH15@eZ165 | |
| 常见病句辨析/张盛如, 骆小所主编/编著薛玲.-北京:北京工业大学出版社,2005.01 |
| 349页;19cm.-(实用汉语丛书) |
| ISBN 7-5639-0814-5:CNY14.00 |
| 本书主要介绍了生造词语、词义误用、词性误用、虚词运用不当、同义词语误用、成语运用错误、句子成分残缺、句法成分搭配不当等16种常见病句类型以及检查病句的基本方法。 |
| ● |
| 相关链接 |
|
|
|
正题名:常见病句辨析
索取号:H15/Z165
 
预约/预借
| 序号 | 登录号 | 条形码 | 馆藏地/架位号 | 状态 | 备注 |
| 1 | 529754 | 205297542 | 语言库209/209语言库 74排1列4层/ [索取号:H15/Z165] | 在馆 | |
| 2 | 529755 | 205297551 | 语言库209/209语言库 74排1列4层/ [索取号:H15/Z165] | 在馆 | |
| 3 | 529756 | 205297560 | 语言库209/209语言库 74排1列4层/ [索取号:H15/Z165] | 在馆 |